| 000 | 01048cim a2200265 4500 | ||
|---|---|---|---|
| 005 | 20150827092720.0 | ||
| 007 | sd uuuguudmuud | ||
| 008 | 140710t2012 xx nnnnfs|||| 0s| c eng d | ||
| 024 | _a9781111398156 | ||
| 024 | _a1111398151 | ||
| 040 | _aEG-ScBUE | ||
| 082 | 0 | 4 |
_222 _a428.24 _bCHA |
| 100 | 1 |
_935966 _aChase, Becky Tarver. |
|
| 245 | 1 | 0 |
_aPathways 2 _h[sound recording] : _blistening, speaking, and critical thinking : audio CDs / _cBecky Tarver Chase, Kristin L. Johannsen. |
| 246 | 3 | _aPathways two | |
| 260 |
_aBoston, United States : _bNational Geographic : _bHeinle Cengage Learning, _cc.2012. |
||
| 300 |
_a3 sound discs ; _c4 3/4 in. |
||
| 490 | 0 | _aPathways | |
| 650 | 0 |
_aEnglish language _xStudy and teaching _xForeign speakers _vAudio-visual aids _936054 |
|
| 650 | 0 |
_936053 _aEnglish language _vTextbooks for foreign speakers _vAudio-visual aids |
|
| 653 |
_bEEENG _cJuly2014 _cSeptember2014 |
||
| 700 | 1 |
_935967 _aJohannsen, Kristin L. |
|
| 710 | 2 |
_935969 _aNational Geographic Learning (Firm) |
|
| 942 |
_2ddc _cCDR _k428.0071 CHA TR |
||
| 999 |
_c18353 _d18325 |
||